| 000 | 01563nam a2200265 a 4500 | ||
|---|---|---|---|
| 001 | 000015134 | ||
| 005 | 20260305073958.0 | ||
| 008 | 100201s2008 dr ac 001 0 spa d | ||
| 020 | _a9789945001129 | ||
| 040 |
_aDO-SdBNP _bspa _cBNPHU |
||
| 082 |
_aRD864.44 _bM463h |
||
| 245 | 0 | 0 |
_aMax Henríquez Ureña y su contribución a la cultura mexicana / _ccompilación, presentación y notas Cándido Gerón. |
| 260 |
_aSanto Domingo : _bCentenario, _c2008. |
||
| 300 |
_a358 p. : _bil., retrs. ; _c23 cm. |
||
| 500 | _aIncluye índice onomástico | ||
| 504 | _aIncluye referencias bibliográficas y notas al pie de las páginas | ||
| 505 | 2 | _aA manera de introducción -- Artículo -- El modernismo en México -- Visiones de México. Un orador eximio -- La musa bohemia -- En el jardín romántico -- Palabras -- Rafael López -- John Masefield -- Conferencias -- Whistler y Rodin -- Los conciertos -- Notas al margen -- La ópera -- Influencia de Chopin en la música moderna -- Poesías -- Alma pagana -- Nirvana -- Bajo los álamos -- O ubi campi! -- Motivos dl otoño -- Cartas -- De Max Henríquez Ureña y otros intelectuales mexicanos -- Índice onomástico. | |
| 600 | 0 |
_aHENRÍQUEZ UREÑA, MAX, _d1885-1968 _xCOLECCIONES DE ESCRITOS _934238 |
|
| 600 | 0 |
_aHENRIQUEZ UREÑA, MAX, _d1885-1968 _xCORRESPONDENCIA, MEMORIAS, ETC _956600 |
|
| 650 | 4 |
_aModernismo (literatura) _xHistoria _923477 |
|
| 651 | 4 |
_aMéxico _xVida Intelectual _918105 |
|
| 700 | 1 |
_aGerón, Candido, _d1948- _ecomp. _93577 |
|
| 910 | _aValidado. Control de calidad BNPHU. | ||
| 049 | _aBNPD | ||
| 999 |
_c14706 _d14706 |
||